000 00939nam a2200217Ia 4500
999 _c37712
_d37712
001 3687
003 GE_BSU
005 20190524174856.0
008 181216s1979||||ge |||||||||||||| ||geo||
040 _cGE_BSU
041 _ageo
080 _a519.21(072) რ–97
245 _aალბათობის თეორიის ელემენტები დამხ.სახელმძღ. /
_cშემდგ : ი.სხირტლაძე ; რედ : მ.ძიძიგური.
264 _aთბილისი :
_bსპი,
_c1977.
300 _a92 გვ .:
_c20 სმ.
653 _aალბათობის თეორია
653 _aალბათობის თეორიის ელემენტები
700 _aსხირტლაძე, ი
_eშემდგენელი
_91595
700 _aძიძიგური, მ
_eრედაქტორი
_9472
942 _cBK
_2udc